000 00499nam a22001817a 4500
003 MPLRDC
005 20220104165745.0
008 210129b ||||| |||| 00| 0 eng d
020 _aISSN0034-0383
082 _a050.1 RD v.11 2012
100 _aSUE CARNEY, EDITOR-IN-CHIEF ASIA PACIFIC
245 _aREADER'S DIGEST. NOV 2012
_c
250 _a1ST ED.
260 _a
_bREADER'S DIGEST ASIA LTD
_c2012
300 _b144
650 _aPERIODICALS--READER'S DIGEST
942 _cBK
_o050.1 RD v.11 2012
999 _c57592
_d57582